LEADER 00966naa a2200229 u 4500 001 000000095571 003 CaOOAMICUS 005 20070226130143.0 008 040705s1986 it u000 u ita u 020 $a8806593412 035 $a11002991 040 $aIAR$bita 100 1 $aGreco, Gaetano.$0(OLS)http://pul/name/38408 245 12$aI giuspatronati laicali nell'età moderna /$cGaetano Greco. 260 $aTorino :$bGiulio Einaudi,$c1986. 300 $aS. 534-573, ;$c22 cm 650 4$aPatronato ecclesiastico$zItalia$yEvo moderno.$0(OLS)http://pul/subject/30404 773 0 $aStoria d'Italia (Giulio Einaudi ed.)$gAnnali 9. 773 0 $tStoria d'Italia. Annali. 9, La Chiesa e il potere politico dal Medioevo all'età contemporanea$w()28851 996 $6020$a8806593412$9(OLS)http://pul/number/35870 996 $6245$aI giuspatronati laicali nell'età moderna$9(OLS)http://pul/title/122448 996 $6260$aTorino :$bGiulio Einaudi$9(OLS)http://pul/publisher/54573 LEADER 01440nam a2200289 u 4500 001 000000055579 003 CaOOAMICUS 005 20070226115811.0 008 010209s1980 it u000 u ita u 035 $a10867410 040 $aPUL(R)$bita 100 1 $aMolinari, Francesco,$d1841-1908.$0(OLS)http://pul/name/39057 245 10$aChiesa, Azione Cattolica e fascismo nell'Italia settentrionale durante il pontificato di Pio XI /$cFrancesco Molinari. 260 $aMilano :$b[s.n.],$c1980. 300 $aP. 1-21 ;$c24 cm 500 $a"Estratto da: 'La Scuola Cattolica' maggio-giugno 1980. Dagli 'Atti del Convegno di Torreglia' - marzo 1977". 504 $aBibliografia in nota. 610 24$aAzione cattolica italiana.$0(OLS)http://pul/subject/1704 650 4$aFascismo e Chiesa cattolica.$0(OLS)http://pul/subject/5350 850 $aPUL 852 $aPUL$W1$xDP1 Fondo Maccarrone$y58$m1524 D 42$j73043$nBK-PRI$b $qFondi$B73043$CPULBib$Z2$F73043 $H $81 852 $aPUL$W1$xDP1 Fondo Maccarrone$y58$m1524 D 43$j73044$nBK-PRI$b $qFondi$B73044$CPULBib$Z2$F73044 $H $81 941 1 $a1 961 $aINV: F. Maccarrone 961 $aINV: F. Maccarrone 996 $6245$aChiesa, Azione Cattolica e fascismo nell'Italia settentrionale durante il pontificato di Pio XI$9(OLS)http://pul/title/74385 996 $6260$aMilano :$b[s.n.]$9(OLS)http://pul/publisher/48974